000 00573nam a2200193Ia 4500
005 20250508155724.0
008 008 250505s9999 xx 000 0 eng d
037 _aTextual
040 _aFEDL
_beng
_cFEDL
041 _aeng
_2eng
084 _a333.5, RAM
_qFEDL
100 _aRamachandran P.
245 0 _aSocial and economic rents and subsidies for low-income groups in greater Bombay
260 _aBombay, India
_bLalvani Publishing House
_c1967
300 _a79p.
650 _aEconomics
942 _cTEXL
_h333.5, RAM
999 _c1358952
_d1358952